Quiz sullo Sri Lanka - Statistics

Statistiche generali
  • Questo quiz è stato fatto 638 volte
    635 dall'ultimo reset
  • Il punteggio medio è 10 su 17
Statistiche sulle risposte
Clue Risposta % Corretto
Lo sport più popolare Cricket
84%
Paese da cui lo Sri Lanka ha guadagnato la sua indipendenza nel 1948 Regno Unito
84%
Città più popolosa Colombo
83%
Animale che compare sulla bandiera Leone
81%
Nel 1960, Sirimavo Bandaranaike è diventata la prima _____ al mondo a capo del governo Donna
80%
La religione più praticata Buddismo
78%
Capitale Sri Jayawardenepura Kotte
72%
Prodotto in foglia che costituisce il 7% delle esportazioni dello Sri Lanka
63%
Baia a nord-est dello Sri Lanka Golfo del {Bengala}
55%
Nel 2016 lo Sri Lanka ha debellato ufficialmente questa malattia Malaria
54%
Valuta dello Sri Lanka Rupia
54%
Nome coloniale dello Sri Lanka Ceylon
52%
Lingue ufficiali Sinhalese
51%
Lingue ufficiali Tamil
51%
Significato della parola "Lanka" Isola
36%
Questa città "dolce" è la più grande nello Sri Lanka centrale Kandy
24%
Collegamento naturale tra India e Sri Lanka composto da una catena di isole e acque poco profonde Ponte di {Adamo}
19%
Nessun quiz corrispondente trovato
Distribuzione punteggi
Percentuale di utenti per punteggio
Percentile per numero di risposta
I tuoi punteggi nel tempo
Non hai fatto questo quiz dall'ultimo reset